00609 2200193 4500001002100000005001500021035002000036245017000056100001600226250001700242300002900259700002000288700001800308260003100326082000800357084001400365020002200379650001400401INLIS00000000000110420250716090512 a0010-07250000101 aBUPENA Buku Penilaian Tema Pengalamanku dan Tema Lingkungan yang bersih, sehat, dan asri jilid 1C untuk SD/MI Kelas 1 /cIrene M.J.A., Wini Kristianti, Dhesy Adhalia0 aIrene M.J.A aCetakan ke-1 a200 hlm :bIlus ;c25 cm0 aWini Kristianti0 aDhesy Adhalia aJakarta :bErlangga,c2016 a500 a500 IRE b a978-602-298-850-2 4aPengayaan